000 00381nam a2200157Ia 4500
005 20240807061919.0
008 240806s9999||||xx |||||||||||||| ||eng||
041 _aeng
082 _a891.431009
_bJAYA
100 _aRaghuvansh
245 0 _aJayasi : ek nayi drishti /
_cRaghuvansh
260 _bLok Bharti Prakashan, Allahabad
300 _a199p.
650 _aHindi
942 _cBK
999 _c2796
_d2796